[Event "Regionalliga NW 1617"]
[Site "Bayern"]
[Date "2016.12.04"]
[Round "3.8"]
[White "Koehler, Michael"]
[Black "Mehling, Franziska"]
[Result "1/2-1/2"]
[WhiteElo "1203"]
[BlackElo "1716"]
[PlyCount "46"]
[EventDate "2016.10.16"]
[EventType "team-tourn"]
[EventRounds "9"]
[EventCountry "GER"]
[SourceTitle "EXT 2019"]
[Source "ChessBase"]
[SourceDate "2018.10.10"]
[SourceVersion "1"]
[SourceVersionDate "2018.10.10"]
[SourceQuality "1"]
[WhiteTeam "Prichsenstadt"]
[BlackTeam "Stetten"]
[WhiteTeamCountry "GER"]
[BlackTeamCountry "GER"]

1. d4 Nf6 2. c4 g6 3. Nc3 Bg7 4. Bd2 0-0 5. Qc1 d6 6. Bh6 e5 7. Bxg7 Kxg7 8. d5 Nbd7 9. g3 a5 10. Bg2 Nc5 11. Nf3 Nh5 12. 0-0 f5 13. e3 Nd3 14. Qd2 e4 15. Ne1 Nc5 16. f3 exf3 17. Nxf3 Nf6 18. Qd4 Kg8 19. Rae1 Re8 20. Nd2 Ng4 21. e4 Ne5 22. Re3 Qf6 23. Bh3 Rf8 1/2-1/2

[Event "GER-ch U25 op-A"]
[Site "Oberhof"]
[Date "2013.05.19"]
[Round "1"]
[White "Mehling, Franziska"]
[Black "Peters, Theresa"]
[Result "1/2-1/2"]
[WhiteElo "1690"]
[BlackElo "1467"]
[PlyCount "40"]
[EventDate "2013.05.19"]
[EventType "swiss"]
[EventRounds "9"]
[EventCountry "GER"]
[SourceTitle "CBM 154 Extra"]
[Source "ChessBase"]
[SourceDate "2013.06.25"]
[SourceVersion "2"]
[SourceVersionDate "2013.06.25"]
[SourceQuality "1"]

1. d4 Nf6 2. c4 g6 3. Nc3 Bg7 4. e4 d6 5. f3 0-0 6. Be3 e5 7. Nge2 Nbd7 8. Qd2 Nb6 9. Nc1 exd4 10. Bxd4 Be6 11. b3 c6 12. Be2 Qc7 13. 0-0 Nbd7 14. Rd1 Rfd8 15. Be3 d5 16. cxd5 cxd5 17. Nb5 Qc6 18. Nd4 Qd6 19. Nxe6 Qxe6 20. exd5 Nxd5 1/2-1/2

[Event "GER-chT U20 Girls"]
[Site "Osnabrueck"]
[Date "2012.12.29"]
[Round "6.2"]
[White "Mehling, Franziska"]
[Black "Tran, My Linh"]
[Result "0-1"]
[WhiteElo "1713"]
[BlackElo "2002"]
[PlyCount "86"]
[EventDate "2012.12.27"]
[EventType "team-swiss"]
[EventRounds "7"]
[EventCountry "GER"]
[SourceTitle "EXT 2014"]
[Source "ChessBase"]
[SourceDate "2013.11.20"]
[SourceVersion "1"]
[SourceVersionDate "2013.11.20"]
[SourceQuality "1"]
[WhiteTeam "Stetten"]
[BlackTeam "Rossdorf"]
[WhiteTeamCountry "GER"]
[BlackTeamCountry "GER"]

1. d4 Nf6 2. c4 c5 3. d5 b5 4. Nd2 b4 5. e4 d6 6. Bd3 g6 7. b3 Bg7 8. Bb2 Nbd7 9. Ngf3 0-0 10. 0-0 a5 11. Qc2 Nh5 12. Bxg7 Nxg7 13. Rfe1 Ne5 14. Nxe5 dxe5 15. Nf3 f6 16. Qe2 Bg4 17. h3 Bd7 18. Qe3 Qc7 19. Red1 Qd6 20. Ne1 Nh5 21. Bf1 Nf4 22. Nd3 Nxd3 23. Qxd3 Ra6 24. Be2 a4 25. Qd2 Rfa8 26. Qb2 axb3 27. axb3 Ra3 28. Rdb1 R8a5 29. Rxa3 Rxa3 30. Ra1 Qa6 31. Rxa3 bxa3 32. Qa2 Qa5 33. Kf1 f5 34. f3 Kf7 35. Bd1 e6 36. Ke2 exd5 37. exd5 f4 38. Kf2 Bf5 39. Be2 Kf6 40. Kf1 Bc2 41. Kf2 h6 42. Bf1 Qc3 43. Be2 Qb2 0-1

[Event "GER-chT U20 Girls"]
[Site "Osnabrueck"]
[Date "2012.12.28"]
[Round "3.2"]
[White "Frey, Alisa"]
[Black "Mehling, Franziska"]
[Result "1-0"]
[WhiteElo "2053"]
[BlackElo "1713"]
[PlyCount "45"]
[EventDate "2012.12.27"]
[EventType "team-swiss"]
[EventRounds "7"]
[EventCountry "GER"]
[SourceTitle "EXT 2014"]
[Source "ChessBase"]
[SourceDate "2013.11.20"]
[SourceVersion "1"]
[SourceVersionDate "2013.11.20"]
[SourceQuality "1"]
[WhiteTeam "Schott Mainz"]
[BlackTeam "Stetten"]
[WhiteTeamCountry "GER"]
[BlackTeamCountry "GER"]

1. e4 c5 2. Nf3 d6 3. d4 cxd4 4. Nxd4 Nf6 5. Nc3 a6 6. f3 e6 7. Be3 b5 8. g4 h6 9. Qd2 Nbd7 10. 0-0-0 Bb7 11. h4 Ne5 12. Qe1 Qa5 13. a3 Rc8 14. Rh3 Nfd7 15. g5 Nc4 16. Bxc4 Rxc4 17. g6 f6 18. Nxe6 Ne5 19. f4 Bc8 20. f5 Bxe6 21. fxe6 Nxg6 22. Qg1 Qc7 23. Bb6 1-0

[Event "GER-ch U18 Girls"]
[Site "Oberhof"]
[Date "2012.05.29"]
[Round "4"]
[White "Mehling, Franziska"]
[Black "Zeller, Elisa"]
[Result "0-1"]
[WhiteElo "1691"]
[BlackElo "1869"]
[PlyCount "118"]
[EventDate "2012.05.27"]
[EventType "swiss"]
[EventRounds "9"]
[EventCountry "GER"]
[SourceTitle "CBM 148 Extra"]
[Source "ChessBase"]
[SourceDate "2012.06.22"]
[SourceVersion "1"]
[SourceVersionDate "2012.06.22"]
[SourceQuality "1"]

1. d4 Nf6 2. c4 g6 3. Nc3 Bg7 4. e4 d6 5. f3 Nbd7 6. Be3 e5 7. Nge2 c6 8. Qd2 a6 9. Nc1 0-0 10. Nb3 Re8 11. Be2 Qc7 12. 0-0 Nf8 13. Rfd1 Ne6 14. d5 cxd5 15. cxd5 Nf8 16. Rac1 Qd8 17. Na4 N8d7 18. Qb4 b5 19. Nc3 Bf8 20. Na5 Nc5 21. Nc6 Qd7 22. a4 a5 23. Nxe5 axb4 24. Nxd7 Bxd7 25. Nxb5 Rec8 26. Bf4 Ne8 27. Rc4 Rxa4 28. Nd4 Rca8 29. Bd2 Ra1 30. Rxa1 Rxa1+ 31. Kf2 b3 32. Rb4 Ra4 33. Rxa4 Nxa4 34. Bc1 Bg7 35. Ke3 Nc5 36. Bc4 f5 37. Nxb3 Na4 38. Nd4 fxe4 39. b3 Nb6 40. Kxe4 Nf6+ 41. Kd3 Nfxd5 42. Ba3 Nxc4 43. bxc4 Nf4+ 44. Ke4 Ne6 45. Nc2 Bc6+ 46. Ke3 Bh6+ 47. Kf2 Nc5 48. Nd4 Bd7 49. Ke2 Kf7 50. Bb2 Be6 51. Nxe6 Kxe6 52. g3 Bg5 53. Bc3 Bf6 54. Bd2 Bb2 55. Ke3 Kf5 56. Ba5 Bd4+ 57. Ke2 Nb3 58. Bb4 Bc5 59. Bc3 Nd4+ 0-1

[Event "GER-ch U18 Girls"]
[Site "Oberhof"]
[Date "2012.05.27"]
[Round "1"]
[White "Schulz, Anja2"]
[Black "Mehling, Franziska"]
[Result "1-0"]
[WhiteElo "2144"]
[BlackElo "1691"]
[PlyCount "43"]
[EventDate "2012.05.27"]
[EventType "swiss"]
[EventRounds "9"]
[EventCountry "GER"]
[SourceTitle "CBM 148 Extra"]
[Source "ChessBase"]
[SourceDate "2012.06.22"]
[SourceVersion "1"]
[SourceVersionDate "2012.06.22"]
[SourceQuality "1"]

1. e4 e6 2. d4 d5 3. Nc3 Nf6 4. e5 Nfd7 5. Nf3 c5 6. dxc5 Bxc5 7. Bd3 Nc6 8. Bf4 a6 9. 0-0 Be7 10. Re1 Nc5 11. a3 Bd7 12. Bf1 b5 13. b4 Nb7 14. Nd4 Rc8 15. Nxc6 Bxc6 16. Qd4 Qc7 17. Bd2 Nd8 18. a4 Rb8 19. axb5 axb5 20. Ra5 Qb7 21. Rea1 0-0 22. Ra7 1-0

[Event "GER-chT U18 Girls"]
[Site "Germany"]
[Date "2012.05.04"]
[Round "3.2"]
[White "Liez, Franziska"]
[Black "Mehling, Franziska"]
[Result "1/2-1/2"]
[WhiteElo "1726"]
[BlackElo "1691"]
[PlyCount "107"]
[EventDate "2012.05.04"]
[EventType "team-swiss"]
[EventRounds "7"]
[EventCountry "GER"]
[SourceTitle "EXT 2014"]
[Source "ChessBase"]
[SourceDate "2013.11.20"]
[SourceVersion "1"]
[SourceVersionDate "2013.11.20"]
[SourceQuality "1"]
[WhiteTeam "Limburg Mariens (W)"]
[BlackTeam "Karlstadt JSG (W)"]
[WhiteTeamCountry "GER"]
[BlackTeamCountry "GER"]

1. e4 c5 2. Nf3 d6 3. d4 cxd4 4. Nxd4 Nf6 5. Nc3 a6 6. Be2 e6 7. Be3 Qc7 8. Qd2 b5 9. a3 Bb7 10. Bd3 Nbd7 11. 0-0 Be7 12. f3 0-0 13. Rfc1 Rac8 14. Qf2 Ne5 15. Rd1 Nc4 16. Bxc4 Qxc4 17. Nb3 Qc7 18. Bb6 Qd7 19. Nc5 Qc6 20. Nxb7 Qxb7 21. Rd3 Nd7 22. Be3 Ne5 23. Rdd1 Nc4 24. b3 Nxa3 25. Rd3 b4 26. Na4 Nb5 27. Bd2 a5 28. Be3 Rc6 29. Nb6 Bf6 30. Nc4 Ra8 31. Rdd1 Nc3 32. Rd2 d5 33. exd5 Nxd5 34. Rdd1 Qc7 35. Bd4 Bxd4 36. Qxd4 h6 37. Rd3 Rca6 38. Rd2 Nb6 39. Ne3 Rc8 40. Ra2 Qc5 41. Qd3 Ra7 42. Kh1 Rd7 43. Qe2 Rxd2 44. Qxd2 Nd5 45. Nc4 Ra8 46. Qc1 Nc3 47. Ra1 Ne2 48. Qd2 Nc3 49. Qd3 Nd5 50. Qd2 Nb6 51. Nb2 Rc8 52. Rc1 Qe5 53. Nd3 Qc3 54. Qe2 1/2-1/2

[Event "GER-chA U25"]
[Site "Oberhof"]
[Date "2011.06.16"]
[Round "7"]
[White "Winterholler, Christina"]
[Black "Mehling, Franziska"]
[Result "1-0"]
[WhiteElo "1669"]
[BlackElo "1542"]
[PlyCount "47"]
[EventDate "2011.06.11"]
[EventType "swiss"]
[EventRounds "9"]
[EventCountry "GER"]
[SourceTitle "CBM 142 Extra"]
[Source "ChessBase"]
[SourceDate "2011.06.27"]
[SourceVersion "1"]
[SourceVersionDate "2011.06.27"]
[SourceQuality "1"]

1. e4 c5 2. Nf3 a6 3. d3 e6 4. g3 b5 5. Bg2 Bb7 6. Qe2 d5 7. Nbd2 Nf6 8. 0-0 Be7 9. Re1 Qb6 10. c3 Nc6 11. Nf1 a5 12. e5 Nd7 13. Bf4 b4 14. c4 d4 15. N3d2 Na7 16. h4 a4 17. Ne4 Nc8 18. Nfd2 Nf8 19. Qg4 Rg8 20. h5 b3 21. a3 Qa5 22. Nf6+ Bxf6 23. Bxb7 Ra7 24. Bc6+ 1-0

[Event "GER-ch U25"]
[Site "Oberhof"]
[Date "2010.05.23"]
[Round "1"]
[White "Mehling, Franziska"]
[Black "Ehlers, Michael2"]
[Result "0-1"]
[WhiteElo "1477"]
[BlackElo "1958"]
[PlyCount "106"]
[EventDate "2010.05.22"]
[EventType "swiss"]
[EventRounds "9"]
[EventCountry "GER"]
[SourceTitle "CBM 136 Extra"]
[Source "ChessBase"]
[SourceDate "2010.07.02"]
[SourceVersion "2"]
[SourceVersionDate "2010.07.15"]
[SourceQuality "1"]

1. e4 c5 2. Nf3 a6 3. a4 Nc6 4. d4 cxd4 5. Nxd4 Qa5+ 6. Nc3 Nf6 7. Nb3 Qb4 8. Qd3 Ne5 9. Qd4 Qxd4 10. Nxd4 Nc6 11. Nxc6 bxc6 12. Be2 e5 13. f4 Bb4 14. Bf3 d5 15. exd5 e4 16. Be2 cxd5 17. Bd2 Bc5 18. 0-0-0 Be6 19. Rhf1 d4 20. Nb1 0-0 21. f5 Bd5 22. Bf4 Rfc8 23. Nd2 Ba2 24. Bc4 Bxc4 25. Nxc4 Ba7 26. b3 e3 27. Rfe1 Nd5 28. Be5 Nc3 29. Rd3 Ne4 30. Bxd4 Nf2 31. Bxa7 Nxd3+ 32. cxd3 Rxa7 33. Rxe3 Rd7 34. Kb2 Rcd8 35. Kc3 f6 36. b4 Kf7 37. b5 axb5 38. axb5 Rd5 39. b6 Rxf5 40. g3 Rb5 41. Re4 g6 42. d4 Rc8 43. d5 Rxb6 44. Kd4 Ra6 45. d6 Rxc4+ 46. Kxc4 Ra4+ 47. Kd5 Rxe4 48. d7 Re2 49. Kd6 Rd2+ 50. Kc7 f5 51. d8Q Rxd8 52. Kxd8 g5 53. Kd7 f4 0-1